000 00369nam a22001217a 4500
999 _c9751
_d9751
003 OSt
008 201203b ||||| |||| 00| 0 eng d
245 _aJournal of Human Values
250 _a2015(Apr Vol.21 No.1, Oct Vol.21 No.2) 2016(Jan Vol.22 No.1, May Vol.22 No.2, Sep Vol.22 No.3)
260 _aNew Delhi
_bSAGE Publications
650 _aManagement
942 _2ddc
_cBV